=LDR 00000nam 2200000 4500 =001 INLIS000000000023627 =005 20130612122255 =008 ***********************************Ind** =035 ##$$a0010-061300000023627 =041 ##$$a Ind =082 ##$$a 658.1 =090 ##$$a 658.1, Win-m =100 ##$$a Winardi. J =245 ##$$a Manajemen perilaku organisasi, Prof. Dr. J. Winardi, SE =260 ##$$a 2004 $b Jakarta =300 ##$$a xix, 485 hlm., ilus., 24 cm =650 ##$$a Manajemen perilaku =850 ##$$a NBPNMAT =990 ##$$a 92543/BPAP-NTB/2014